000
00314nam a22001457a 4500
003
SGT
020
_a
9789390394500
082
_a
005,MEH
100
_a
MEHRA,RITIKA
245
_a
DATA STRUCTURES USING C
260
_a
INDIA
_b
PEARSON
_c
2022
300
_a
10.21
650
_a
COMPUTER SCIENCE
942
_2
ddc
_c
BK
_0
34
999
_c
24974
_d
24974